[Event "AUTO-INT-3335"]
[Site "http://www.queenalice.com/game.php?id=1522776"]
[Date "2018.4.8"]
[Round "1"]
[White "davidherrera850"]
[Black "Ruusgugg"]
[Result "0-1"]
[WhiteElo "1488"]
[BlackElo "1455"]

1. e4 d5 2. f3 d4 3. d3 Nf6 4. Ne2 e5 5. Bg5 h6 6. Bh4 Be7 7. Nd2 O-O 8. g4 g5
9. Bg3 h5 10. Bxe5 hxg4 11. h4 Nfd7 12. Nc4 gxf3 13. Ng3 Nxe5 14. Nxe5 Qd6 15.
Nxf3 Qxg3+ 16. Kd2 Qf4+ 17. Ke2 Qe3# 0-1

[Event "AUTO-INT-3335"]
[Site "http://www.queenalice.com/game.php?id=1522778"]
[Date "2018.4.8"]
[Round "1"]
[White "davidherrera850"]
[Black "ismaelfln"]
[Result "0-1"]
[WhiteElo "1513"]
[BlackElo "1685"]

1. e4 e5 2. Nf3 Nc6 3. Bc4 h6 4. Nc3 Bb4 5. O-O Bxc3 6. bxc3 Nf6 7. d3 O-O 8.
Be3 a6 9. a3 b5 10. Ba2 d6 11. h3 a5 12. d4 exd4 13. cxd4 Nxe4 14. Qd3 Bf5 15.
Rab1 Qd7 16. Bd5 b4 17. a4 Nc3 18. Rbc1 Bxd3 19. cxd3 Nxd5 20. Bd2 Nce7 21. Rfe1
Nf4 22. Bxf4 Nd5 23. Bh2 Qxa4 24. Ra1 Qb5 25. Rad1 Nc3 26. Rc1 Qxd3 27. Ra1 Ne2+
28. Kh1 Nc3 29. Rac1 Nd5 30. Kg1 Rfe8 31. Red1 Qf5 32. Nh4 Qg5 33. Nf3 b3 34.
Nxg5 hxg5 35. Re1 Rxe1+ 36. Rxe1 b2 37. Rb1 Rb8 38. Bg3 a4 39. f4 gxf4 40. Be1
a3 41. Rd1 b1=Q 42. Rxb1 Rxb1 43. Kf1 a2 0-1

[Event "AUTO-INT-3335"]
[Site "http://www.queenalice.com/game.php?id=1522779"]
[Date "2018.4.8"]
[Round "1"]
[White "ismaelfln"]
[Black "davidherrera850"]
[Result "1-0"]
[WhiteElo "1594"]
[BlackElo "1414"]

1. e4 e5 2. Nf3 Nc6 3. Bb5 Nf6 4. Bxc6 dxc6 5. Nxe5 Bd6 6. Nf3 Nxe4 7. Qe2 Bf5
8. d3 O-O 9. dxe4 Be6 10. O-O Qe7 11. Bg5 f6 12. Be3 f5 13. Bg5 Qd7 14. exf5
Bxf5 15. Qc4+ Be6 16. Qc3 Rf7 17. a4 a5 18. Nbd2 Bd5 19. Qd3 Qg4 20. h3 Qe6 21.
Rae1 Qd7 22. c4 Be6 23. Ne4 Bb4 24. Qxd7 Bxd7 25. Rd1 Bf5 26. Ng3 Be6 27. b3 Re8
28. Ne5 Rf5 29. Nxf5 Bxf5 30. Rd8 Rxd8 31. Bxd8 Bd6 32. Nf3 Bc2 33. Ng5 Bxb3 34.
c5 Bf4 35. Ne6 Be5 36. Bxc7 Bxc7 37. Nxc7 Bxa4 38. Ne6 Bb5 39. Ra1 Kf7 40. Nd8+
Kg6 41. Nxb7 a4 42. g4 h5 43. gxh5+ Kxh5 44. Kg2 Kh4 45. Nd6 Ba6 46. Rxa4+ Kg5
47. Rxa6 Kf4 48. Rxc6 Ke5 49. Ne8 Kd5 50. Rg6 Kxc5 51. Nxg7 Kd5 52. h4 Ke5 53.
h5 Kf4 54. h6 Ke5 55. h7 Kf4 56. h8=Q Ke5 57. Qh5+ 1-0

[Event "AUTO-INT-3335"]
[Site "http://www.queenalice.com/game.php?id=1522780"]
[Date "2018.4.8"]
[Round "1"]
[White "davidherrera850"]
[Black "DAN1958"]
[Result "1-0"]
[WhiteElo "1489"]
[BlackElo "1695"]

1. e4 e5 2. Nf3 f6 3. Bc4 Ne7 4. O-O d6 5. Nc3 c6 6. d3 Ng6 7. Be3 Ne7 8. Qd2
Nd7 9. Rad1 b5 10. Bb3 Nb6 11. h3 g5 12. d4 a5 13. a3 h6 14. Rfe1 Bd7 15. Ba2 b4
16. Ne2 d5 17. Qd3 Qc7 18. c3 Kd8 19. Ng3 h5 20. h4 g4 21. Nd2 Na4 22. Qc2 Nb6
23. Nb3 Ng6 24. Nc5 Bc8 25. exd5 Ne7 26. dxc6 Qxc6 27. Qe4 Qxe4 28. Ngxe4 Bg7
29. Ne6+ Bxe6 30. Bxe6 Ra6 31. Nc5 Ra7 32. dxe5+ Ke8 33. exf6 Bxf6 34. Nd7 Ra6
35. Nxf6+ Kf8 36. Rd8+ Kg7 37. Rxh8 Kxh8 38. Bd4 Nc4 39. Nxh5+ Kh7 40. Bxc4 Nc6
41. Bxa6 Kh6 42. Re6+ Kxh5 43. Rxc6 1-0

[Event "AUTO-INT-3335"]
[Site "http://www.queenalice.com/game.php?id=1522781"]
[Date "2018.4.8"]
[Round "1"]
[White "DAN1958"]
[Black "davidherrera850"]
[Result "0-1"]
[WhiteElo "1502"]
[BlackElo "1485"]

1. e4 e5 2. d3 Nf6 3. h3 Nc6 4. c3 Bd6 5. Nf3 h6 6. g4 O-O 7. Be3 Qe7 8. b4 b5
9. Na3 a5 10. Nxb5 axb4 11. Nxd6 Qxd6 12. Qb3 Ra3 13. Qb2 Ba6 14. Kd2 bxc3+ 15.
Qxc3 Rxc3 16. Kxc3 Qb4+ 17. Kc2 d5 18. Rb1 Qa4+ 19. Kb2 Rb8+ 20. Ka1 Qc2 21.
Rxb8+ Nxb8 22. Nd2 Nc6 23. Be2 Nd4 24. Bxd4 Qxd2 25. Bf3 exd4 26. exd5 Bxd3 27.
a4 Qc3+ 28. Ka2 Bc4+ 29. Kb1 Qxf3 30. Re1 Qxf2 31. Rc1 Qa2# 0-1

[Event "AUTO-OPEN-3993"]
[Site "http://www.queenalice.com/game.php?id=1549388"]
[Date "2018.11.16"]
[Round "1"]
[White "filou"]
[Black "davidherrera850"]
[Result "1-0"]
[WhiteElo "2082"]
[BlackElo "1427"]

1. e4 e5 2. Nf3 Nc6 3. Bc4 Bc5 4. O-O Nf6 5. d3 O-O 6. a3 h6 7. c3 Na5 8. Ba2
Nc6 9. b4 Bd6 10. Nbd2 b6 11. Re1 Ba6 12. Nc4 Be7 13. Nfxe5 1-0

[Event "AUTO-OPEN-3993"]
[Site "http://www.queenalice.com/game.php?id=1549389"]
[Date "2018.11.16"]
[Round "1"]
[White "davidherrera850"]
[Black "filou"]
[Result "0-1"]
[WhiteElo "1429"]
[BlackElo "2080"]

1. e4 c6 2. d4 d5 3. e5 e6 4. Nf3 h6 5. Nc3 Ne7 6. Bd3 Ng6 7. Be3 Bb4 8. O-O O-O
9. a3 Bxc3 10. bxc3 b5 11. Qd2 Nd7 12. Rfe1 Nb6 0-1

[Event "AUTO-OPEN-3993"]
[Site "http://www.queenalice.com/game.php?id=1549408"]
[Date "2018.11.16"]
[Round "1"]
[White "ALDROB"]
[Black "davidherrera850"]
[Result "1-0"]
[WhiteElo "2010"]
[BlackElo "1443"]

1. d4 d5 2. c4 dxc4 3. Nf3 Nf6 4. Nc3 Nc6 5. Bg5 h6 6. Bf4 Bf5 7. e3 g5 8. Be5
Qd7 9. Bxc4 O-O-O 10. Bxf7 e6 11. Bxf6 Qxf7 12. Bxh8 Bg7 13. Bxg7 Qxg7 14. O-O
e5 15. d5 Ne7 16. Qb3 e4 17. Nd4 Bh7 18. Ne6 Qg8 19. Nxd8 1-0

[Event "AUTO-OPEN-3993"]
[Site "http://www.queenalice.com/game.php?id=1549409"]
[Date "2018.11.16"]
[Round "1"]
[White "davidherrera850"]
[Black "ALDROB"]
[Result "0-1"]
[WhiteElo "1445"]
[BlackElo "2008"]

1. e4 c5 2. Nf3 d6 3. d4 cxd4 4. Nxd4 Nf6 5. Nc3 a6 6. Bc4 e5 7. Nf3 Be7 8. Be3
O-O 9. O-O Bg4 10. h3 Bd7 11. Qd2 b5 12. Bb3 Nc6 13. Rad1 b4 14. Nd5 Nxe4 15.
Qd3 Bf5 16. Nxe7+ Nxe7 17. Nh4 Nc5 18. Qd2 Ne4 0-1

[Event "AUTO-OPEN-3993"]
[Site "http://www.queenalice.com/game.php?id=1549420"]
[Date "2018.11.16"]
[Round "1"]
[White "davidherrera850"]
[Black "Artking"]
[Result "0-1"]
[WhiteElo "1447"]
[BlackElo "1849"]

1. e4 b6 2. d4 Bb7 3. Nc3 Nf6 4. Nf3 Nxe4 5. Bc4 e6 6. Bf4 Bb4 7. Bd2 Nxc3 8.
bxc3 Be7 9. O-O O-O 10. Qe2 d5 11. Bb3 c5 0-1

[Event "AUTO-OPEN-3993"]
[Site "http://www.queenalice.com/game.php?id=1549421"]
[Date "2018.11.16"]
[Round "1"]
[White "Artking"]
[Black "davidherrera850"]
[Result "1-0"]
[WhiteElo "1847"]
[BlackElo "1449"]

1. e4 e5 2. Nf3 Nc6 3. Bb5 Nf6 4. Qe2 Bc5 5. c3 a6 6. Ba4 b5 7. Bb3 O-O 8. O-O
d6 9. d3 Bg4 10. Bg5 h6 11. Be3 Bb6 12. Nbd2 1-0

[Event "AUTO-INT-3386"]
[Site "http://www.queenalice.com/game.php?id=1549443"]
[Date "2018.11.16"]
[Round "1"]
[White "davidherrera850"]
[Black "piemme"]
[Result "0-1"]
[WhiteElo "1441"]
[BlackElo "1747"]

1. e4 e5 2. Nf3 d6 3. Bc4 h6 4. Nc3 a6 5. a3 b5 6. Ba2 c5 7. d3 Nf6 8. Be3 Be7
9. O-O O-O 10. Qd2 Nbd7 11. Rad1 Qb6 12. Rfe1 a5 13. Nd5 Nxd5 14. Bxd5 Rb8 15.
c3 Bb7 16. Ba2 Ba6 17. d4 exd4 0-1

[Event "AUTO-INT-3386"]
[Site "http://www.queenalice.com/game.php?id=1549444"]
[Date "2018.11.16"]
[Round "1"]
[White "piemme"]
[Black "davidherrera850"]
[Result "1-0"]
[WhiteElo "1751"]
[BlackElo "1425"]

1. e4 e5 2. Qh5 Nc6 3. Bb5 Nf6 4. Qe2 Bc5 5. Bxc6 dxc6 6. h3 Be6 7. d3 O-O 8.
Bg5 h6 9. Be3 Bb4+ 10. c3 Bd6 11. Nf3 Qd7 12. O-O Rfe8 13. Qd1 Rad8 14. Bxa7 b6
15. Qa4 Ra8 16. b4 Re7 17. Na3 c5 18. Qxd7 Bxd7 19. Nc4 1-0

[Event "AUTO-INT-3386"]
[Site "http://www.queenalice.com/game.php?id=1549445"]
[Date "2018.11.16"]
[Round "1"]
[White "davidherrera850"]
[Black "fracasso"]
[Result "0-1"]
[WhiteElo "1481"]
[BlackElo "1462"]

1. e4 e5 2. Nf3 Nc6 3. Bc4 d6 4. Nc3 f5 5. O-O fxe4 6. Ne1 Bf5 7. d3 Nf6 8. Bg5
h6 9. Bh4 g5 10. Bg3 d5 11. Bb3 Bb4 12. dxe4 Bg4 13. Qd3 O-O 14. a3 Bc5 15. exd5
Nd4 16. Ba2 Bd6 17. h3 Bf5 18. Qd2 c6 0-1

[Event "AUTO-INT-3386"]
[Site "http://www.queenalice.com/game.php?id=1549446"]
[Date "2018.11.16"]
[Round "1"]
[White "fracasso"]
[Black "davidherrera850"]
[Result "1-0"]
[WhiteElo "1479"]
[BlackElo "1464"]

1. e4 e5 2. Nf3 Nc6 3. Bc4 Bc5 4. O-O Nf6 5. Ng5 O-O 6. Nc3 d6 7. Nd5 Nxd5 8.
Bxd5 Qxg5 9. d3 Bh3 10. Bxg5 Be6 11. Bxe6 fxe6 12. c3 d5 13. Qg4 Be7 14. Bxe7
Nxe7 15. Qxe6+ Rf7 16. Qxe5 Re8 17. Qxc7 Ng6 18. Qc5 Nf4 19. exd5 1-0

[Event "AUTO-INT-3386"]
[Site "http://www.queenalice.com/game.php?id=1549447"]
[Date "2018.11.16"]
[Round "1"]
[White "davidherrera850"]
[Black "carpielo"]
[Result "0-1"]
[WhiteElo "1422"]
[BlackElo "1723"]

1. e4 e5 2. Nf3 Nc6 3. Bc4 Bc5 4. O-O Nf6 5. Nc3 O-O 6. d3 h6 7. Be3 Bxe3 8.
fxe3 d5 9. exd5 e4 10. dxe4 Na5 11. Bd3 c6 12. Qd2 cxd5 13. exd5 Bg4 14. Be2 Nc6
15. dxc6 Qxd2 16. Nxd2 bxc6 0-1

[Event "AUTO-INT-3386"]
[Site "http://www.queenalice.com/game.php?id=1549448"]
[Date "2018.11.16"]
[Round "1"]
[White "carpielo"]
[Black "davidherrera850"]
[Result "1-0"]
[WhiteElo "1727"]
[BlackElo "1418"]

1. e4 e5 2. Bc4 Nc6 3. Qf3 Nf6 4. Nh3 Nd4 5. Qd3 Bc5 6. Na3 O-O 7. c3 Nc6 8. O-O
d6 9. b4 Bb6 10. Qg3 Bg4 11. Ng5 Qd7 12. h3 Bh5 13. d3 Be2 14. Re1 Nh5 15. Qh4
h6 16. Rxe2 1-0

[Event "AUTO-OPEN-3994"]
[Site "http://www.queenalice.com/game.php?id=1549686"]
[Date "2018.11.18"]
[Round "1"]
[White "davidherrera850"]
[Black "ulisses67"]
[Result "0-1"]
[WhiteElo "1405"]
[BlackElo "1509"]

1. e4 e5 2. Nf3 Qf6 3. Nc3 Bc5 4. Bc4 d6 5. Nd5 Qd8 6. d3 c6 7. Nc3 Bg4 8. h3
Bxf3 9. Qxf3 Qf6 10. Qxf6 Nxf6 11. O-O Nbd7 12. Be3 Bxe3 13. fxe3 d5 14. exd5
cxd5 15. Nxd5 O-O 16. Rf3 e4 17. dxe4 Nxe4 0-1

[Event "AUTO-OPEN-3994"]
[Site "http://www.queenalice.com/game.php?id=1549687"]
[Date "2018.11.18"]
[Round "1"]
[White "ulisses67"]
[Black "davidherrera850"]
[Result "1-0"]
[WhiteElo "1521"]
[BlackElo "1393"]

1. e4 e5 2. d4 exd4 3. Qxd4 Nc6 4. Qd1 Nf6 5. Nc3 Bc5 6. Qf3 O-O 7. Bg5 Nd4 8.
Qd3 d6 9. Nd5 Be6 10. Nxf6+ gxf6 11. Bh6 Kh8 12. Bxf8 Qxf8 13. c3 Nc6 14. Nf3
Qg7 15. Qb5 a6 16. Qxb7 Rb8 17. Qxc6 Bc8 18. Qe8+ 1-0

[Event "AUTO-OPEN-3994"]
[Site "http://www.queenalice.com/game.php?id=1549688"]
[Date "2018.11.18"]
[Round "1"]
[White "davidherrera850"]
[Black "junipero"]
[Result "0-1"]
[WhiteElo "1437"]
[BlackElo "2119"]

1. e4 c5 2. Nf3 Nc6 3. Nc3 d6 4. Bc4 h6 5. d3 e5 6. h3 Nf6 7. O-O Be7 8. Be3 O-O
9. Qd2 Nd4 10. Qd1 a6 11. a3 b5 12. Ba2 Bb7 13. b4 Qc7 14. Nd5 Nxd5 15. exd5
Nxf3+ 16. Qxf3 cxb4 17. axb4 Qxc2 18. d4 e4 0-1

[Event "AUTO-OPEN-3994"]
[Site "http://www.queenalice.com/game.php?id=1549689"]
[Date "2018.11.18"]
[Round "1"]
[White "junipero"]
[Black "davidherrera850"]
[Result "1-0"]
[WhiteElo "2120"]
[BlackElo "1435"]

1. d4 d5 2. c4 dxc4 3. e3 Nf6 4. Bxc4 e6 5. Nf3 Nc6 6. O-O Bd6 7. Nc3 O-O 8. b3
Bd7 9. Bb2 Qe7 10. h3 e5 11. dxe5 Nxe5 12. Be2 Rad8 13. Qc1 Nxf3+ 14. Bxf3 Qe5
15. Rd1 Bc6 16. Bxc6 bxc6 17. Na4 Qe6 18. Nc5 Qe7 19. Bd4 1-0

[Event "AUTO-OPEN-3994"]
[Site "http://www.queenalice.com/game.php?id=1549690"]
[Date "2018.11.18"]
[Round "1"]
[White "davidherrera850"]
[Black "leo2dipikke"]
[Result "0-1"]
[WhiteElo "1433"]
[BlackElo "1809"]

1. e4 c5 2. Nf3 d6 3. d4 Nf6 4. Nc3 cxd4 5. Nxd4 a6 6. Bd3 e5 7. Nf3 Be7 8. Be3
O-O 9. h3 Nc6 10. O-O b5 11. Qd2 Bb7 12. Rad1 Qc7 13. Rfe1 Rfe8 14. Bg5 Nd4 15.
Nd5 Nxd5 16. exd5 Nxf3+ 17. gxf3 Bxg5 0-1

[Event "AUTO-OPEN-3994"]
[Site "http://www.queenalice.com/game.php?id=1549691"]
[Date "2018.11.18"]
[Round "1"]
[White "leo2dipikke"]
[Black "davidherrera850"]
[Result "1-0"]
[WhiteElo "1811"]
[BlackElo "1431"]

1. e4 e5 2. Nf3 Nc6 3. Bc4 Bc5 4. b4 Bxb4 5. c3 Bc5 6. d4 Bd6 7. dxe5 Nxe5 8.
Bb3 Nf6 9. Nbd2 O-O 10. O-O b6 11. Nxe5 Bxe5 12. Qc2 d5 13. Ba3 c5 14. Rad1 Bg4
15. f3 Be6 16. Nc4 Qe7 17. Nxe5 c4 18. Bxe7 1-0

[Event "Carroza"]
[Site "http://www.queenalice.com/game.php?id=1557199"]
[Date "2019.1.18"]
[Round "-"]
[White "davidherrera850"]
[Black "Copelipon"]
[Result "0-1"]
[WhiteElo "1380"]
[BlackElo "1919"]

1. e4 c6 2. d3 d5 3. Nd2 e5 4. Ngf3 Bd6 5. c4 Ne7 6. cxd5 cxd5 7. Be2 Nbc6 8.
O-O h6 9. exd5 Nxd5 10. Nc4 O-O 11. Nxd6 Qxd6 12. d4 e4 13. Ne5 Nxe5 14. dxe5
Qxe5 15. Bc4 Be6 16. Qe2 Rac8 17. Bxd5 Bxd5 18. f4 Qc7 19. Rf2 f5 20. Be3 Qf7
21. Bxa7 Ra8 22. Bc5 Rfc8 23. Bd4 Bxa2 24. b4 Bc4 25. Qb2 b5 26. Rc1 g5 27. fxg5
hxg5 28. Bf6 Qg6 29. Bd4 f4 30. Qb1 Re8 31. Rc3 Qc6 32. Rh3 Rad8 33. Qd1 Qg6 34.
Rh8+ Kf7 35. Rxe8 Rxe8 36. Be3 Qf6 37. Bd4 Qg6 38. Be3 Kg7 39. Bd4+ Kh6 40. Qg4
Qh5 41. Rxf4 Qxg4 42. Rxg4 e3 43. Bc3 e2 44. Be1 Rf8 45. h4 Rf1+ 46. Kh2 Rxe1
47. hxg5+ Kh5 48. Re4 Kxg5 49. Re5+ Kf6 0-1